00498nam a22001572 4500001001100000005001700011008004100028020002800069040001500097050002400112100003500136245006000171260003600231300002100267650005200288000000317820151217151917.0070430s xx 000 0 eng d a0802463827 :cKES 1,990 aKABUcKABU 0aHQ10.5b.U6W75 19921 aWright, H. Norman.@000015287914aThe Premarital counseling handbook /cH. Norman Wright. aChicago :bMoody Press,cc1992. a271 p. ;c24 cm. 0aMarriage counselingzUnited States.@0000152880